000 00610nam a2200241Ia 4500
003 OSt
005 20230325091743.0
008 210423s2008 xx 000 0 und d
020 _a8121902983
040 _cAL
041 _aeng
082 _a338.954
_223
_bDATR
100 _aDATT (Ruddar);SUNDHARAM (K P M)
_977706
245 _aIndian economy
250 _a58
260 _aNew Delhi
_bResearch and Education Association
_c2008
300 _axvi,990
_bPB
365 _b400
_cINR
650 _aEconomics
_977707
650 _aIndian Economy
_977708
906 _aeconomy ; Indian
942 _2ddc
_cBK
999 _c155911
_d155911